00422 2200157 4500001002100000005001500021008004100036020002200077035001900099082001000118090001600128100001700144245004300161260004400204300001600248INLIS00000000002106320241224130955241224||||||||| | ||| |||| ||  a978-602-7932-14-2 0010-12240210630 a363.7 a363.7 IND p0 aIndah Hanaco00aPENGENALAN DAN PENCEGAHAN POLUSI SUARA aBandungbCV.Niaga Buku Pendidikanc2013 aiv + 60 hlm